000 01694cam a22004574i 4500
003 PE-LiUPU
005 20250731172720.0
008 150617s r 000 0 d
020 _a0802822576
035 _a(Sirsi) i9780802822574
040 _aPE-LiUPU
_bspa
_cPE-LiUPU
_erda
049 _aPRUA
082 0 4 _a225.07
_bT
_221
100 1 _aMorris, León,
_eautor.
245 1 4 _aThe First Epistle of Paul to the Corinthians /
_cuna introducción y comentario por León Morris.
264 1 _aMichigan :
_bEerdmans Publishing Company,
_c1981.
300 _a249 páginas ;
_c20 centímetros.
336 _atext
_2rdacontent
337 _aunmediated
_2rdamedia
338 _avolume
_2rdacarrier
490 0 _a(Tyndale New Testament Commentaries ;
_v7)
500 _aEn cubierta: “A concise, workable tool for laymen, teachers and ministers”
505 0 _aGeneral preface -- Author's Preface -- Introduction: background, Paul at Corinth, Paul's subsequent reletions with the church at Corinth, The occasion and purpose of I Corinthians, thje authenticity of the epistle, the date and place of origin -- Analysis -- Commentary.
526 _aSEG42
526 _aSEG41
526 _aSEG40
526 _aSEG39
526 _aP94
526 _aP87
526 _aP86
526 _aP85
526 _aP77
526 _aP76
526 _aP35
630 0 _aBiblia.
_pI Corintios
_xCrítica, interpretación, etc.
_91659
910 _ajck
942 _2ddc
_cBK
949 _a225.07 T 7
_wDEWEY
_c1
_i21824
_lCCODEBUL1
_mBUL
_r0
_sY
_tBOOK
_u2015-6-17
_xTEOLOGIA
_0COMPRA
_o.STAFF. Colección General
999 _c1133
_d1133
980 _81
_gALBERTO SANCHEZ Responsable de Automatización